000 00637nam a2200253Ia 4500
005 20260121155342.0
008 008 260114s9999 xx 000 0 eng d
020 _a9780367218171
037 _aEBOOK
040 _aCRL
040 _beng
040 _cCRL
041 _2eng
041 _aeng
084 _qCRL
100 _a David Grinlinton; Rod Thomas
_91018471
245 0 _aLand Registration and Title Security in the Digital Age
260 _bTaylor and Francis
260 _c2020
856 _uhttp://www.taylorfrancis.com/books/9780367218171
942 _cEBOOK
999 _c1585290
_d1585290